[Event "The Irish Championship 2020"]
[Site "Colaiste Eanna, Dublin, Ireland"]
[Date "2020.08.03"]
[Round "3"]
[Board "16"]
[White "O'Connor, Jonathan"]
[Black "Byrne, Alex"]
[Result "1-0"]
[WhiteElo "2159"]
[BlackElo "1976"]
[PlyCount "0"]
[EventDate "2020.08.01"]
[EventRounds "9"]
[EventCountry "IRL"]

1. d4 {[%clk 02:16:05]} {[%emt 00:00:04]} Nf6 {[%emt 00:11:02]} 2. c4 {[%clk
02:15:30]} {[%emt 00:00:44]} e6 {[%emt 00:00:16]} 3. g3 {[%clk 02:15:49]}
{[%emt 00:00:11]} d5 {[%emt 00:00:57]} 4. Nf3 {[%clk 02:16:02]} {[%emt
00:00:16]} b6 {[%emt 00:00:46]} 5. Bg2 {[%clk 02:14:33]} {[%emt 00:01:49]} Bb7
{[%emt 00:00:24]} 6. O-O {[%clk 02:12:29]} {[%emt 00:02:30]} Be7 {[%emt
00:00:26]} 7. Qc2 {[%clk 02:12:26]} {[%emt 00:00:36]} O-O {[%emt 00:02:24]} 8.
Rd1 {[%clk 02:09:21]} {[%emt 00:01:53]} Nbd7 {[%emt 00:00:16]} 9. Nc3 {[%clk
01:57:17]} {[%emt 00:12:36]} Rc8 {[%emt 00:05:40]} 10. cxd5 {[%clk 01:52:33]}
{[%emt 00:03:12]} Nxd5 {[%emt 00:08:38]} 11. e4 {[%clk 01:40:57]} {[%emt
00:12:04]} Nxc3 {[%emt 00:01:15]} 12. bxc3 {[%clk 01:40:58]} {[%emt 00:00:10]}
c5 {[%emt 00:00:54]} 13. d5 {[%clk 01:22:04]} {[%emt 00:19:23]} exd5 {[%emt
00:01:39]} 14. exd5 {[%clk 01:21:09]} {[%emt 00:00:20]} b5 {[%emt 00:10:52]} 15.
Rb1 {[%clk 01:09:59]} {[%emt 00:11:27]} Nb6 {[%emt 00:15:10]} 16. d6 {[%clk
00:49:59]} {[%emt 00:20:25]} Bf6 {[%emt 00:00:33]} 17. Ng5 {[%clk 00:44:47]}
{[%emt 00:05:45]} Bxg5 {[%emt 00:00:50]} 18. Bxb7 {[%clk 00:45:15]} {[%emt
00:00:06]} Rb8 {[%emt 00:01:26]} 19. Be4 {[%clk 00:45:39]} {[%emt 00:00:08]}
Bxc1 {[%emt 00:03:13]} 20. Bxh7+ {[%clk 00:36:48]} {[%emt 00:07:29]} Kh8 {[%emt
00:00:18]} 21. Rbxc1 {[%clk 00:37:14]} {[%emt 00:00:03]} Qf6 {[%emt 00:09:05]}
22. Be4 {[%clk 00:35:39]} {[%emt 00:02:07]} Rfd8 {[%emt 00:01:22]} 23. Qe2
{[%clk 00:35:06]} {[%emt 00:00:56]} Qe5 {[%emt 00:06:41]} 24. f4 {[%clk
00:34:37]} {[%emt 00:00:53]} Qe6 {[%emt 00:03:02]} 25. Qh5+ {[%clk 00:34:56]}
{[%emt 00:00:10]} Qh6 {[%emt 00:03:00]} 26. Qxf7 {[%clk 00:31:48]} {[%emt
00:00:46]} Rxd6 {[%clk 01:10:29]} {[%emt 00:02:59]} 27. Rxd6 {[%clk 00:31:35]}
{[%emt 00:00:48]} Qxd6 {[%emt 00:00:11]} 28. Qh5+ {[%clk 00:31:59]} {[%emt
00:00:04]} Kg8 {[%emt 00:03:26]} 29. Rd1 {[%clk 00:27:31]} {[%emt 00:04:56]}
Qe7 {[%emt 00:01:39]} 30. Re1 {[%clk 00:26:26]} {[%emt 00:01:38]} Qf6 {[%emt
00:02:22]} 31. Bh7+ {[%clk 00:26:27]} {[%emt 00:00:26]} Kf8 {[%emt 00:01:27]}
32. Bg6 {[%clk 00:26:54]} {[%emt 00:00:07]}  1-0

[Event "The Irish Championship 2020"]
[Site "Colaiste Eanna, Dublin, Ireland"]
[Date "2020.08.04"]
[Round "4"]
[Board "1"]
[White "O'Gorman, Tom"]
[Black "Kanyamarala, Tarun"]
[Result "1/2-1/2"]
[WhiteElo "2345"]
[BlackElo "2381"]
[PlyCount "0"]
[EventDate "2020.08.01"]
[EventRounds "9"]
[EventCountry "IRL"]

1. d4 {[%clk 02:16:08]} d5 {[%clk 02:15:11]} {[%emt 00:00:58]} 2. Nf3 {[%clk
02:16:34]} {[%emt 00:00:12]} Nf6 {[%clk 02:15:15]} {[%emt 00:00:29]} 3. c3
{[%clk 02:17:04]} {[%emt 00:00:07]} c6 {[%clk 02:03:19]} {[%emt 00:12:30]} 4.
Bf4 {[%clk 02:14:49]} {[%emt 00:02:49]} Bf5 {[%clk 01:58:35]} {[%emt 00:05:26]}
5. e3 {[%clk 02:14:42]} {[%emt 00:00:34]} Qb6 {[%clk 01:52:43]} {[%emt
00:06:28]} 6. Qb3 {[%clk 02:14:10]} {[%emt 00:01:07]} Nbd7 {[%clk 01:50:51]}
{[%emt 00:02:26]} 7. h3 {[%clk 02:13:12]} {[%emt 00:01:32]} h6 {[%clk
01:50:12]} {[%emt 00:01:15]} 8. Be2 {[%clk 02:12:51]} {[%emt 00:00:56]} e6
{[%clk 01:49:40]} {[%emt 00:01:06]} 9. O-O {[%clk 02:08:11]} {[%emt 00:05:15]}
Be7 {[%clk 01:48:13]} {[%emt 00:02:02]} 10. Nbd2 {[%clk 02:07:33]} {[%emt
00:01:14]} O-O {[%clk 01:32:26]} {[%emt 00:16:22]} 11. c4 {[%clk 02:02:04]}
{[%emt 00:06:04]} c5 {[%clk 01:25:52]} {[%emt 00:07:09]} 12. cxd5 {[%clk
01:56:53]} {[%emt 00:05:45]} Nxd5 {[%clk 01:07:15]} {[%emt 00:19:11]} 13. Bh2
{[%clk 01:55:09]} {[%emt 00:02:20]} Qxb3 {[%clk 01:03:00]} {[%emt 00:04:50]} 14.
Nxb3 {[%clk 01:53:38]} {[%emt 00:02:05]} cxd4 {[%clk 01:02:50]} {[%emt
00:00:45]} 15. Nfxd4 {[%clk 01:52:44]} {[%emt 00:01:33]} Bh7 {[%clk 01:03:08]}
{[%emt 00:00:17]} 16. Na5 {[%clk 01:45:39]} {[%emt 00:07:40]} Nc5 {[%clk
00:41:45]} {[%emt 00:21:57]} 17. a3 {[%clk 01:37:29]} {[%emt 00:08:44]} Bd8
{[%clk 00:39:31]} {[%emt 00:02:50]} 18. Nc4 {[%clk 01:34:27]} {[%emt 00:03:37]}
Bf6 {[%clk 00:38:53]} {[%emt 00:01:12]} 19. Be5 {[%clk 01:27:53]} {[%emt
00:07:08]} Bxe5 {[%clk 00:26:38]} {[%emt 00:12:50]} 20. Nxe5 {[%clk 01:28:18]}
{[%emt 00:00:09]} Rac8 {[%clk 00:24:14]} {[%emt 00:03:00]} 21. Rfd1 {[%clk
01:24:50]} {[%emt 00:04:03]} Na4 {[%clk 00:19:55]} {[%emt 00:04:55]} 22. Rd2
{[%clk 01:23:06]} {[%emt 00:02:18]} Nf6 {[%clk 00:20:06]} {[%emt 00:00:25]} 23.
f3 {[%clk 01:21:46]} {[%emt 00:01:55]} Rc5 {[%clk 00:16:39]} {[%emt 00:04:03]}
24. Nc4 {[%clk 01:12:30]} {[%emt 00:09:50]} b5 {[%clk 00:06:46]} {[%emt
00:10:29]} 25. Na5 {[%clk 01:07:42]} {[%emt 00:05:22]} a6 {[%clk 00:07:14]}
{[%emt 00:00:07]} 26. e4 {[%clk 01:06:33]} {[%emt 00:01:44]} Nh5 {[%clk
00:06:37]} {[%emt 00:01:12]} 27. Rad1 {[%clk 01:03:25]} {[%emt 00:03:43]} Nf4
{[%clk 00:05:19]} {[%emt 00:01:54]} 28. Ndc6 {[%clk 00:59:06]} {[%emt
00:04:53]} g5 {[%clk 00:03:44]} {[%emt 00:02:11]} 29. Nb4 {[%clk 00:52:33]}
{[%emt 00:07:07]} Rfc8 {[%clk 00:03:43]} {[%emt 00:00:37]} 30. Bf1 {[%clk
00:50:17]} {[%emt 00:02:51]} Rc1 {[%clk 00:01:20]} {[%emt 00:02:58]} 31. Rxc1
{[%clk 00:26:03]} {[%emt 00:24:49]} Rxc1 {[%clk 00:01:52]} {[%emt 00:00:02]} 32.
Kf2 {[%clk 00:16:53]} {[%emt 00:09:45]} Nc5 {[%clk 00:01:30]} {[%emt 00:00:57]}
33. g3 {[%clk 00:16:22]} {[%emt 00:01:06]} Nh5 {[%clk 00:01:10]} {[%emt
00:00:55]} 34. Rc2 {[%clk 00:15:32]} {[%emt 00:01:26]} Rxc2+ {[%clk 00:01:05]}
{[%emt 00:00:40]} 35. Nxc2 {[%clk 00:16:01]} {[%emt 00:00:05]} f5 {[%clk
00:01:18]} {[%emt 00:00:23]} 36. exf5 {[%clk 00:15:22]} {[%emt 00:01:13]} exf5
{[%clk 00:01:27]} {[%emt 00:00:26]} 37. Nd4 {[%clk 00:13:12]} {[%emt 00:02:45]}
f4 {[%clk 00:01:38]} {[%emt 00:00:24]} 38. g4 {[%clk 00:13:33]} {[%emt
00:00:13]} Ng3 {[%clk 00:01:29]} {[%emt 00:00:44]} 39. b4 {[%clk 00:13:12]}
{[%emt 00:00:58]} Nd7 {[%clk 00:01:01]} {[%emt 00:01:03]} 40. Nac6 {[%clk
00:12:44]} {[%emt 00:01:03]} Nxf1 {[%clk 00:01:01]} {[%emt 00:00:33]} 41. Kxf1
{[%clk 00:13:17]} {[%emt 00:00:03]} Bd3+ {[%clk 00:01:18]} {[%emt 00:00:18]} 42.
Kf2 {[%clk 00:13:02]} {[%emt 00:00:50]} Nb6 {[%clk 00:00:59]} {[%emt 00:00:55]}
43. Nb8 {[%clk 00:12:15]} {[%emt 00:01:21]} Nc4 {[%clk 00:01:22]} {[%emt
00:00:12]} 44. Nxa6 {[%clk 00:12:41]} {[%emt 00:00:09]} Nxa3 {[%clk 00:01:49]}
{[%emt 00:00:08]} 45. Nc7 {[%clk 00:09:56]} {[%emt 00:03:20]} Kf7 {[%clk
00:01:24]} {[%emt 00:01:00]} 46. Nd5 {[%clk 00:08:56]} {[%emt 00:01:34]} Nc2
{[%clk 00:00:49]} {[%emt 00:01:11]} 47. Nxc2 {[%clk 00:05:52]} {[%emt
00:03:38]} Bxc2 {[%clk 00:01:22]} {[%emt 00:00:02]} 48. h4 {[%clk 00:06:04]}
{[%emt 00:00:23]} Bd3 {[%clk 00:00:51]} {[%emt 00:01:06]} 49. hxg5 {[%clk
00:06:14]} {[%emt 00:00:26]} hxg5 {[%clk 00:01:20]} {[%emt 00:00:06]} 50. Ke1
{[%clk 00:05:36]} {[%emt 00:01:13]} Ke6 {[%clk 00:01:38]} {[%emt 00:00:17]} 51.
Kd2 {[%clk 00:04:38]} {[%emt 00:01:33]} Kxd5 {[%clk 00:01:58]} {[%emt
00:00:15]}  1/2-1/2

[Event "The Irish Championship 2020"]
[Site "Colaiste Eanna, Dublin, Ireland"]
[Date "2020.08.04"]
[Round "4"]
[Board "2"]
[White "Kanyamarala, Trisha"]
[Black "O'Donnell, Conor"]
[Result "0-1"]
[WhiteElo "2193"]
[BlackElo "2304"]
[PlyCount "0"]
[EventDate "2020.08.01"]
[EventRounds "9"]
[EventCountry "IRL"]

1. d4 {[%clk 02:15:53]} {[%emt 00:00:16]} d5 {[%clk 02:15:46]} {[%emt
00:00:23]} 2. Nf3 {[%clk 02:15:52]} {[%emt 00:00:39]} Nf6 {[%clk 02:15:04]}
{[%emt 00:01:15]} 3. c4 {[%clk 02:15:05]} {[%emt 00:01:23]} e6 {[%clk
02:14:47]} {[%emt 00:00:50]} 4. Bg5 {[%clk 02:13:57]} {[%emt 00:01:45]} dxc4
{[%clk 02:14:57]} {[%emt 00:00:25]} 5. Nc3 {[%clk 02:14:12]} {[%emt 00:00:20]}
a6 {[%clk 02:14:19]} {[%emt 00:01:13]} 6. a4 {[%clk 02:07:57]} {[%emt
00:06:51]} Nc6 {[%clk 01:55:24]} {[%emt 00:19:29]} 7. e3 {[%clk 02:02:53]}
{[%emt 00:05:40]} Na5 {[%clk 01:54:46]} {[%emt 00:01:11]} 8. Ne5 {[%clk
01:59:47]} {[%emt 00:03:42]} Bb4 {[%clk 01:46:35]} {[%emt 00:08:46]} 9. Qf3
{[%clk 01:37:44]} {[%emt 00:22:38]} Qd5 {[%clk 01:40:14]} {[%emt 00:06:56]} 10.
Bxf6 {[%clk 01:32:23]} {[%emt 00:05:56]} Qxf3 {[%clk 01:39:38]} {[%emt
00:01:11]} 11. gxf3 {[%clk 01:32:21]} {[%emt 00:00:38]} gxf6 {[%clk 01:39:58]}
{[%emt 00:00:12]} 12. Nxc4 {[%clk 01:32:20]} {[%emt 00:00:39]} Nb3 {[%clk
01:31:32]} {[%emt 00:09:00]} 13. Ra2 {[%clk 01:22:23]} {[%emt 00:10:32]} Nc1
{[%clk 01:31:38]} {[%emt 00:00:29]} 14. Ra1 {[%clk 01:22:12]} {[%emt 00:00:50]}
Nb3 {[%clk 01:32:04]} {[%emt 00:00:07]} 15. Ra2 {[%clk 01:21:52]} {[%emt
00:00:56]} Bd7 {[%clk 01:32:28]} {[%emt 00:00:09]} 16. Rg1 {[%clk 01:10:31]}
{[%emt 00:11:59]} O-O-O {[%clk 01:23:01]} {[%emt 00:15:23]} 17. Kd1 {[%clk
01:04:12]} {[%emt 00:01:32]} Rhg8 {[%clk 00:57:01]} {[%emt 00:26:34]} 18. Rg3
{[%clk 01:02:28]} {[%emt 00:02:21]} Bc6 {[%clk 00:48:16]} {[%emt 00:09:18]} 19.
Kc2 {[%clk 00:59:11]} {[%emt 00:03:53]} Na5 {[%clk 00:46:51]} {[%emt 00:02:00]}
20. Nxa5 {[%clk 00:55:11]} {[%emt 00:04:36]} Bxa5 {[%clk 00:47:17]} {[%emt
00:00:08]} 21. Be2 {[%emt 00:31:44]} h5 {[%clk 00:37:59]} 22. Ra1 {[%clk
00:25:03]} {[%emt 00:09:28]} h4 {[%clk 00:31:15]} {[%emt 00:07:18]} 23. Rg4
{[%clk 00:23:05]} {[%emt 00:02:34]} f5 {[%clk 00:25:20]} {[%emt 00:06:29]} 24.
Rxh4 {[%clk 00:20:31]} {[%emt 00:03:10]} Rh8 {[%clk 00:25:53]} {[%emt
00:00:02]} 25. Rxh8 {[%clk 00:19:13]} {[%emt 00:01:52]} Rxh8 {[%clk 00:26:26]}
{[%emt 00:00:02]} 26. Rh1 {[%clk 00:19:26]} {[%emt 00:00:23]} Rh3 {[%clk
00:24:54]} {[%emt 00:02:07]} 27. b3 {[%clk 00:17:10]} {[%emt 00:02:51]} Bb4
{[%clk 00:19:55]} {[%emt 00:05:33]} 28. Nd1 {[%clk 00:15:59]} {[%emt 00:01:47]}
Be7 {[%clk 00:17:16]} {[%emt 00:03:15]} 29. Kd2 {[%clk 00:13:22]} {[%emt
00:03:11]} Bd5 {[%clk 00:16:33]} {[%emt 00:01:17]} 30. Kc2 {[%clk 00:11:36]}
{[%emt 00:02:22]} Kd7 {[%clk 00:15:55]} {[%emt 00:01:12]} 31. Kc3 {[%clk
00:08:43]} {[%emt 00:03:28]} c5 {[%clk 00:12:07]} {[%emt 00:04:22]} 32. dxc5
{[%clk 00:08:33]} {[%emt 00:00:46]} Bxc5 {[%clk 00:12:36]} {[%emt 00:00:06]} 33.
Nb2 {[%clk 00:08:21]} {[%emt 00:00:47]} Bd6 {[%clk 00:11:21]} {[%emt 00:01:49]}
34. Nd3 {[%clk 00:07:27]} {[%emt 00:01:30]} Ke7 {[%clk 00:10:26]} {[%emt
00:01:30]} 35. b4 {[%clk 00:04:46]} {[%emt 00:03:16]} Bc6 {[%clk 00:07:31]}
{[%emt 00:03:29]} 36. Kb3 {[%clk 00:03:38]} {[%emt 00:01:44]} Kf6 {[%clk
00:07:29]} {[%emt 00:00:37]} 37. Ne1 {[%clk 00:02:42]} {[%emt 00:01:32]} Rh4
{[%clk 00:04:22]} {[%emt 00:03:42]} 38. Nc2 {[%clk 00:02:06]} {[%emt 00:01:11]}
Bd5+ {[%clk 00:04:34]} {[%emt 00:00:22]} 39. Kc3 {[%clk 00:02:10]} {[%emt
00:00:32]} Be5+ {[%clk 00:02:41]} {[%emt 00:02:28]} 40. Kd2 {[%clk 00:02:37]}
{[%emt 00:00:09]} Rh3 {[%clk 00:02:36]} {[%emt 00:00:39]} 41. Ne1 {[%clk
00:02:28]} {[%emt 00:00:43]} Rh4 {[%clk 00:02:17]} {[%emt 00:00:54]} 42. Nd3
{[%clk 00:02:30]} {[%emt 00:00:35]} Bd6 {[%clk 00:02:30]} {[%emt 00:00:20]} 43.
Rb1 {[%clk 00:01:26]} {[%emt 00:01:40]} Rxh2 {[%clk 00:02:40]} {[%emt
00:00:24]} 44. b5 {[%clk 00:01:11]} {[%emt 00:00:50]} a5 {[%clk 00:02:40]}
{[%emt 00:00:34]} 45. b6 {[%clk 00:00:56]} {[%emt 00:00:52]} Bc6 {[%clk
00:02:40]} {[%emt 00:00:35]} 46. Bd1 {[%clk 00:00:58]} {[%emt 00:00:33]} Rh1
{[%clk 00:02:22]} {[%emt 00:00:52]} 47. Rc1 {[%clk 00:01:18]} {[%emt 00:00:15]}
Be7 {[%clk 00:02:04]} {[%emt 00:00:53]} 48. Nb2 {[%clk 00:00:43]} {[%emt
00:01:11]} Bb4+ {[%clk 00:01:57]} {[%emt 00:00:41]} 49. Ke2 {[%clk 00:00:44]}
{[%emt 00:00:35]} Re1+ {[%clk 00:01:27]} {[%emt 00:01:04]} 50. Kd3 {[%clk
00:01:13]} {[%emt 00:00:06]} Ba3 {[%clk 00:00:49]} {[%emt 00:01:13]} 51. Kc2
{[%clk 00:00:47]} {[%emt 00:01:02]} Rf1 {[%clk 00:00:55]} {[%emt 00:00:28]} 52.
Kb3 {[%clk 00:00:44]} {[%emt 00:00:39]} Bxb2 {[%clk 00:01:03]} {[%emt
00:00:27]} 53. Kxb2 {[%clk 00:01:04]} {[%emt 00:00:14]} Rxf2+ {[%clk 00:01:32]}
{[%emt 00:00:06]} 54. Kb3 {[%clk 00:00:58]} {[%emt 00:00:41]} Bxf3 {[%clk
00:01:08]} {[%emt 00:01:00]} 55. Bxf3 {[%clk 00:00:54]} {[%emt 00:00:39]} Rxf3
{[%clk 00:01:41]} {[%emt 00:00:02]} 56. Rc7 {[%clk 00:01:19]} {[%emt 00:00:09]}
Rxe3+ {[%clk 00:02:10]} {[%emt 00:00:05]} 57. Kc2 {[%clk 00:01:41]} {[%emt
00:00:13]} Re4 {[%clk 00:02:04]} {[%emt 00:00:40]} 58. Rxb7 {[%clk 00:01:19]}
{[%emt 00:00:59]} Rxa4 {[%clk 00:02:31]} {[%emt 00:00:08]} 59. Ra7 {[%clk
00:01:19]} {[%emt 00:00:35]} Rb4 {[%clk 00:02:38]} {[%emt 00:00:26]} 60. b7
{[%clk 00:01:49]} {[%emt 00:00:06]} Kg5 {[%clk 00:02:13]} {[%emt 00:00:59]}  0-1

[Event "The Irish Championship 2020"]
[Site "Colaiste Eanna, Dublin, Ireland"]
[Date "2020.08.04"]
[Round "4"]
[Board "3"]
[White "Moran, Darragh"]
[Black "Fitzsimons, David"]
[Result "0-1"]
[WhiteElo "1873"]
[BlackElo "2334"]
[PlyCount "0"]
[EventDate "2020.08.01"]
[EventRounds "9"]
[EventCountry "IRL"]

1. d4 {[%clk 02:16:08]} {[%emt 00:00:01]} Nf6 {[%clk 02:15:58]} {[%emt
00:00:12]} 2. Nf3 {[%clk 02:16:38]} {[%emt 00:00:06]} g6 {[%clk 02:16:18]}
{[%emt 00:00:14]} 3. c4 {[%clk 02:17:09]} {[%emt 00:00:03]} Bg7 {[%clk
02:16:44]} {[%emt 00:00:09]} 4. Nc3 {[%clk 02:17:41]} {[%emt 00:00:04]} O-O
{[%clk 02:17:03]} {[%emt 00:00:17]} 5. e4 {[%clk 02:18:12]} {[%emt 00:00:04]}
d6 {[%clk 02:17:09]} {[%emt 00:00:29]} 6. Be2 {[%clk 02:18:43]} {[%emt
00:00:04]} Bg4 {[%clk 02:17:15]} {[%emt 00:00:29]} 7. O-O {[%clk 02:17:29]}
{[%emt 00:01:49]} Nfd7 {[%clk 02:17:36]} {[%emt 00:00:14]} 8. Be3 {[%clk
02:14:06]} {[%emt 00:03:58]} Nc6 {[%clk 02:16:43]} {[%emt 00:01:28]} 9. Rc1
{[%clk 02:05:53]} {[%emt 00:08:49]} e5 {[%clk 02:15:18]} {[%emt 00:02:01]} 10.
d5 {[%clk 02:05:04]} {[%emt 00:01:24]} Bxf3 {[%clk 02:15:31]} {[%emt 00:00:22]}
11. Bxf3 {[%clk 02:04:41]} {[%emt 00:00:58]} Nd4 {[%clk 02:15:58]} {[%emt
00:00:07]} 12. Nb5 {[%clk 02:02:29]} {[%emt 00:02:47]} Nxf3+ {[%clk 02:10:21]}
{[%emt 00:06:12]} 13. Qxf3 {[%clk 02:00:00]} {[%emt 00:03:04]} a6 {[%clk
02:10:37]} {[%emt 00:00:19]} 14. Nc3 {[%clk 01:58:31]} {[%emt 00:02:04]} f5
{[%clk 02:11:04]} {[%emt 00:00:09]} 15. Qe2 {[%clk 01:41:14]} {[%emt 00:17:51]}
f4 {[%clk 02:09:25]} {[%emt 00:02:14]} 16. Bd2 {[%clk 01:39:12]} {[%emt
00:02:38]} f3 {[%clk 02:09:37]} {[%emt 00:00:23]} 17. gxf3 {[%clk 01:32:38]}
{[%emt 00:07:09]} Qh4 {[%clk 02:09:30]} {[%emt 00:00:41]} 18. Kh1 {[%clk
01:29:49]} {[%emt 00:03:25]} Rf7 {[%clk 02:00:26]} {[%emt 00:09:38]} 19. Rg1
{[%clk 01:27:50]} {[%emt 00:02:35]} Raf8 {[%clk 02:00:32]} {[%emt 00:00:28]} 20.
Bg5 {[%clk 01:20:25]} {[%emt 00:08:01]} Qh5 {[%clk 02:00:55]} {[%emt 00:00:11]}
21. f4 {[%clk 01:20:29]} {[%emt 00:00:31]} Qxe2 {[%clk 02:00:59]} {[%emt
00:00:31]} 22. Nxe2 {[%clk 01:21:02]} {[%emt 00:00:02]} exf4 {[%clk 02:01:22]}
{[%emt 00:00:13]} 23. f3 {[%clk 01:17:01]} {[%emt 00:04:36]} Ne5 {[%clk
01:58:18]} {[%emt 00:03:39]} 24. Nd4 {[%clk 01:14:47]} {[%emt 00:02:49]} h6
{[%clk 01:57:59]} {[%emt 00:00:53]} 25. Bh4 {[%clk 01:14:44]} {[%emt 00:00:39]}
g5 {[%clk 01:58:21]} {[%emt 00:00:13]} 26. Bf2 {[%clk 01:15:03]} {[%emt
00:00:16]} Nd3 {[%clk 01:58:43]} {[%emt 00:00:13]} 27. Ne6 {[%clk 01:14:23]}
{[%emt 00:01:14]} Nxf2+ {[%clk 01:58:02]} {[%emt 00:01:17]} 28. Kg2 {[%clk
01:14:57]} {[%emt 00:00:02]} Nd3 {[%clk 01:58:21]} {[%emt 00:00:16]} 29. Rcd1
{[%clk 01:14:45]} {[%emt 00:00:46]} Nxb2 {[%clk 01:58:48]} {[%emt 00:00:09]} 30.
Rb1 {[%clk 01:15:02]} {[%emt 00:00:22]} Be5 {[%clk 01:59:01]} {[%emt 00:00:21]}
31. Nxf8 {[%clk 01:15:16]} {[%emt 00:00:20]} Kxf8 {[%clk 01:59:32]} {[%emt
00:00:05]} 32. Rgc1 {[%clk 01:14:48]} {[%emt 00:01:02]} b6 {[%clk 01:59:59]}
{[%emt 00:00:08]} 33. Rc2 {[%clk 01:15:14]} {[%emt 00:00:09]} Nd3 {[%clk
02:00:02]} {[%emt 00:00:32]} 34. a4 {[%clk 01:15:22]} {[%emt 00:00:28]} a5
{[%clk 02:00:28]} {[%emt 00:00:09]}  0-1

[Event "The Irish Championship 2020"]
[Site "Colaiste Eanna, Dublin, Ireland"]
[Date "2020.08.04"]
[Round "4"]
[Board "4"]
[White "Melaugh, Shane"]
[Black "Wallace, Paul"]
[Result "1/2-1/2"]
[WhiteElo "2161"]
[BlackElo "2168"]
[PlyCount "0"]
[EventDate "2020.08.01"]
[EventRounds "9"]
[EventCountry "IRL"]

1. c4 {[%clk 02:12:45]} {[%emt 00:03:23]} e5 {[%clk 02:13:48]} {[%emt
00:02:23]} 2. Nc3 {[%clk 02:13:08]} {[%emt 00:00:12]} Nc6 {[%clk 02:13:59]}
{[%emt 00:00:23]} 3. g3 {[%clk 02:05:41]} {[%emt 00:08:03]} f5 {[%clk
02:13:51]} {[%emt 00:00:42]} 4. Bg2 {[%clk 02:06:09]} {[%emt 00:00:07]} Nf6
{[%clk 02:14:20]} {[%emt 00:00:07]} 5. e3 {[%clk 02:06:17]} {[%emt 00:00:27]}
d5 {[%clk 02:14:05]} {[%emt 00:00:50]} 6. Nxd5 {[%clk 02:03:38]} {[%emt
00:03:13]} Nxd5 {[%clk 02:13:32]} {[%emt 00:01:08]} 7. cxd5 {[%clk 02:03:59]}
{[%emt 00:00:21]} Nb4 {[%clk 02:13:48]} {[%emt 00:00:13]} 8. Qb3 {[%clk
02:01:38]} {[%emt 00:02:56]} e4 {[%clk 02:12:02]} {[%emt 00:02:20]} 9. Bf1
{[%clk 01:57:18]} {[%emt 00:04:55]} Nxd5 {[%clk 02:01:53]} {[%emt 00:10:44]} 10.
Bc4 {[%clk 01:57:13]} {[%emt 00:00:41]} c6 {[%clk 02:00:00]} {[%emt 00:02:27]}
11. Ne2 {[%clk 01:56:43]} {[%emt 00:01:05]} Bc5 {[%clk 01:42:46]} {[%emt
00:17:49]} 12. O-O {[%clk 01:51:14]} {[%emt 00:06:04]} Qb6 {[%clk 01:30:31]}
{[%emt 00:12:51]} 13. d4 {[%clk 01:44:19]} {[%emt 00:07:30]} Qxb3 {[%clk
01:23:37]} {[%emt 00:07:30]} 14. Bxb3 {[%clk 01:44:46]} {[%emt 00:00:06]} Bd6
{[%clk 01:23:34]} {[%emt 00:00:38]} 15. Bd2 {[%clk 01:41:59]} {[%emt 00:03:22]}
Be6 {[%clk 01:23:17]} {[%emt 00:00:52]} 16. Nc3 {[%clk 01:41:57]} {[%emt
00:00:37]} Ke7 {[%clk 01:19:27]} {[%emt 00:04:25]} 17. Nxd5+ {[%clk 01:34:42]}
{[%emt 00:07:53]} Bxd5 {[%clk 01:19:55]} {[%emt 00:00:07]} 18. Rfc1 {[%clk
01:29:46]} {[%emt 00:11:26]}  1/2-1/2